000
00277nam a2200109Ia 4500
008
190911s9999||||xx |||||||||||||| ||und||
100
_a
Meigs William Haka
245
0
_a
Accounting The Basis For Business Decisions
260
_a
New York
_b
CRC
_c
1999
300
_a
253
942
_c
BK
999
_c
7017
_d
7017